Faith of Edward Wilson of the Antarctic (Record no. 2905)

MARC details
000 -LEADER
fixed length control field 00580nam a2200241 a 4500
020 ## - INTERNATIONAL STANDARD BOOK NUMBER
ISBN
082 00 - DEWEY DECIMAL CLASSIFICATION NUMBER
Classification number 201
Author Cutter SEA
100 ## - MAIN ENTRY--AUTHOR NAME
Author name Seaver, George
245 ## - TITLE STATEMENT
Title Faith of Edward Wilson of the Antarctic
260 ## - PUBLICATION, DISTRIBUTION, ETC. (IMPRINT)
Place of publication London
Name of publisher John Murray
Year of publication 1957
300 ## - PHYSICAL DESCRIPTION
Number of Pages 51p
500 ## - GENERAL NOTE
General note includes index and biblioraphy
505 2# - FORMATTED CONTENTS NOTE
Formatted contents note Ill, App
650 ## - SUBJECT ADDED ENTRY--TOPICAL TERM
Topical Term Christian-Biography
942 ## - ADDED ENTRY ELEMENTS (KOHA)
Koha item type Books
700 1# -
-- Seaver, George
Holdings
Collection code Home library Current library Date acquired Cost, normal purchase price Full call number Accession Number Koha item type
  Henry Martyn Institute Library Henry Martyn Institute Library 07/31/2007 276.00 201 SEA 03976 Books
                   Copyright © 2026 | Henry Martyn Institute | Hyderabad | TS-500052 | INDIA | Implemented by hmi.edu.in
Hit-Count:

Powered by Koha